| 000 | 00423nam a22001217a 4500 | ||
|---|---|---|---|
| 008 | 230619b xxu||||| |||| 00| 0 eng d | ||
| 082 |
_a305.3 _bCOM |
||
| 100 | _cCommon Wealth Secretariant | ||
| 245 |
_aCommonwealth Workshop on Gender & Democracy _bA workshop in the deepening democracy series _cWindhoek, Namibia 9-11 february 2000 |
||
| 260 |
_aNamibia _bCommon Wealth Secretariat _c2000 |
||
| 300 | _a24p | ||
| 942 |
_2ddc _cBK |
||
| 999 |
_c1413 _d1413 |
||